000 00922nam a2200253Ia 4500
003 OSt
005 20221005113350.0
006 a|||||r|||| 00| 0
007 ta
008 221004b |||||||| |||| 00| 0 pan d
020 _a8179823970 (hbk)
_cINR 150.00
024 _a33196
037 _b785, 27/02/2017, H.K. Prakashan
_cTextual
040 _aCRL
_cCRL
_bpan
041 _2pan
_apan
082 _aO153,3NBAx, Q6
100 _aਬੱਧਣੀ, ਹਰਨੇਕ ਸਿੰਘ
245 0 _aਨਹੀਓ੍ਵ ਲੱਭਣੇ ਲਾਲ ਗੁਆਚੇ.......
260 _aਬਰਨਾਲਾ
_bਤਰਕਭਾਰਤੀ ਪ੍ਰਕਾFਨ ਭਾਰਤ
_c2016
300 _a112ਪ੍ਰ0
_ccm.
650 _a ਪੰਜਾਬੀ ਕਹਾਣੀ
942 _hO153,3NBAx, Q6
_cTEXL
_2cc
999 _c1027923
_d1027923